Statistics for The Hradec Králové Region Quiz

Click here to take the quiz!

General Stats

  • This quiz has been taken 10 times
    (9 since last reset)
  • The average score is 12 of 20

Answer Stats

HintAnswer% Correct
Historical regionBohemia
100%
Country (2)Czechia
100%
Capital cityHradec Králové
100%
Bordering regionsLiberec
100%
Bordering regionsPardubice
100%
Bordering country (7)Poland
100%
Long river with tributariesElbe
86%
Non-capital districtsJičín
71%
Non-capital districtsNáchod
71%
Non-capital districtsRychnov Nad Kněžnou
71%
Highest point (13)Sněžka
71%
Non-capital districtsTrutnov
71%
Mountain range containing 13Krkonoše
57%
Tributaries of the long riverOrlice
43%
Mountain range in 7, a bordering region and in this regionOrlické hory
43%
Bordering regionsCentral Bohemian
29%
Tributaries of the long riverMetuje
29%
Economic region also containing parts of Germany, 2 and 7Black Triangle
0%
GovernorMartin Červíček
0%
River with the lowest pointRiver {Cidlina}
0%

Score Distribution

Percentile by Number Answered

Percent of People with Each Score

Your Score History

You have not taken this quiz since the last reset